| 000 | 00563nam a2200217 a 4500 | ||
|---|---|---|---|
| 005 | 20210219153149.0 | ||
| 008 | 991125n 000 0 u | ||
| 035 | _aUPN01000081347 | ||
| 100 | _aGrant, Rachel | ||
| 222 | _aREADING RESEARCH AND INSTRUCTION | ||
| 245 | _aHow do headings affect text-processing? | ||
| 300 | _a12-21 | ||
| 362 | _a31, No. 1, 1991 | ||
| 505 | _aMarzo 1992 | ||
| 653 | 0 | _aCOMPRENSION LECTORA | |
| 653 | 0 | _aDOCUMENTOS | |
| 653 | 0 | _aPROCESOS DE LECTURA | |
| 700 | _aDavey, Beth | ||
| 904 |
_aAC _b019158 |
||
| 905 | _aArticulo | ||
| 999 |
_c69921 _d69921 |
||